The functions of social conflict
Salvato in:
| Autore principale: | |
|---|---|
| Natura: | Libro |
| Lingua: | Undetermined |
| Pubblicazione: |
New York
The Free Press
1956
|
| Soggetti: | |
| Tags: |
Aggiungi Tag
Nessun Tag, puoi essere il primo ad aggiungerne! !
|
| Thư viện lưu trữ: | Trung tâm Học liệu Trường Đại học Cần Thơ |
|---|
| LEADER | 00474nam a2200181Ia 4500 | ||
|---|---|---|---|
| 001 | CTU_89500 | ||
| 008 | 210402s9999 xx 000 0 und d | ||
| 082 | |a 301.23 | ||
| 082 | |b C834 | ||
| 100 | |a Coser, Lewis A. | ||
| 245 | 4 | |a The functions of social conflict | |
| 245 | 0 | |c Lewis A. Coser | |
| 260 | |a New York | ||
| 260 | |b The Free Press | ||
| 260 | |c 1956 | ||
| 650 | |a Social conflict | ||
| 904 | |i Mai Loan | ||
| 980 | |a Trung tâm Học liệu Trường Đại học Cần Thơ | ||